| 000 | 00678nam a22002297a 4500 | ||
|---|---|---|---|
| 003 | UA-OsUOA | ||
| 001 | 69956 | ||
| 007 | ta | ||
| 008 | 20100709b un ||||| |||| 00| 0 ukr d | ||
| 090 |
_a94(477)"1936/1938" _bУ45 |
||
| 942 | _cBK | ||
| 040 |
_aUA-OsUOA _bukr _cUA-OsUOA _dUA-OsUOA |
||
| 245 |
_aУкраїна в добу "Великого терору" 1936-1938 роки _cавт.-упор. Шаповал Ю. |
||
| 300 | _a544 с. | ||
| 955 | _a2 | ||
| 041 | _aukr | ||
| 080 | _a94(477)"1936/1938" | ||
| 020 | _a978-966-06-0564-0 | ||
| 260 |
_aК. _bЛибідь _c2009 |
||
| 650 | 7 |
_a9 Географія. Біографії. Історія _2UDC |
|
| 999 |
_c356208 _d356208 |
||